al-Baḥth ʻan al-ḥurrīyah. (Record no. 47608)

MARC details
000 -LEADER
fixed length control field 00474cam a22001931 4500
001 - CONTROL NUMBER
control field ne 64003021
003 - CONTROL NUMBER IDENTIFIER
control field DLC
005 - DATE AND TIME OF LATEST TRANSACTION
control field 20260227111807.0
008 - FIXED-LENGTH DATA ELEMENTS--GENERAL INFORMATION
fixed length control field 881028s1964 xx 000 0 arar
010 ## - LIBRARY OF CONGRESS CONTROL NUMBER
LC control number ne 64003021
035 ## - SYSTEM CONTROL NUMBER
System control number (OCoLC)23492503
040 ## - CATALOGING SOURCE
Original cataloging agency DLC
Transcribing agency MiU
Modifying agency DLC
050 00 - LIBRARY OF CONGRESS CALL NUMBER
Classification number PJ7816.I527
Item number B3
100 1# - MAIN ENTRY--PERSONAL NAME
Personal name Bindārī, Sāmī.
245 13 - TITLE STATEMENT
Title al-Baḥth ʻan al-ḥurrīyah.
260 ## - PUBLICATION, DISTRIBUTION, ETC.
Place of publication, distribution, etc. [n. p.]
Date of publication, distribution, etc. [1964]
300 ## - PHYSICAL DESCRIPTION
Extent 413 p.
Dimensions 17 cm.
500 ## - GENERAL NOTE
General note Romanized.

No items available.

Powered by Koha